000
00292nam a22001337a 4500
008
181031b xxu||||| |||| 00| 0 eng d
020
_a
9780735527812
041
_a
eng
080
_a
340
100
_a
14
101
_a
SHJ
245
_a
Constitutional Law
_c
Chemerinsky,E
942
_2
udc
_c
BK
999
_c
51311
_d
51311